[Event "Guildford op"]
[Site "Guildford"]
[Date "2025.04.27"]
[Round "5"]
[White "Large, Peter G"]
[Black "Seymour, Timothy P"]
[Result "1/2-1/2"]
[WhiteElo "2342"]
[BlackElo "2051"]
[PlyCount "150"]
[EventDate "2025.04.25"]
[EventType "swiss"]
[EventRounds "5"]
[EventCountry "ENG"]
[SourceTitle "CB18_2025"]
[SourceDate "2025.04.30"]
[SourceVersion "1"]
[SourceVersionDate "2025.04.30"]
[SourceQuality "1"]

1. e4 d6 2. d4 Nf6 3. Nc3 e5 4. dxe5 dxe5 5. Qxd8+ Kxd8 6. Bc4 Be6 7. Bxe6 fxe6 8. f3 a6 9. Nh3 Bd6 10. Nf2 Ke7 11. Nd3 c5 12. Be3 Rc8 13. h4 c4 14. Nc1 b5 15. h5 h6 16. N1e2 Nbd7 17. g4 Nh7 18. Ng1 Rf8 19. Ke2 Bc5 20. Nh3 Bxe3 21. Kxe3 Nb8 22. Ne2 Nc6 23. Rhd1 Rad8 24. c3 Nf6 25. Nf2 Rxd1 26. Rxd1 Nd7 27. Ng3 Nc5 28. Ke2 Rd8 29. Rxd8 Nxd8 30. Nf1 Nf7 31. Ne3 Ng5 32. Ng2 Na4 33. Nd1 Nc5 34. Nf2 Na4 35. Nd1 Nc5 36. Nh4 Nh3 37. Ng6+ Kf6 38. Ke3 Nd3 39. b3 Nhf4 40. bxc4 bxc4 41. Kd2 Nxg6 42. hxg6 Kxg6 43. Ne3 Kf6 44. Nxc4 Nc5 45. Na5 g6 46. Ke3 Ke7 47. Nc4 Nd7 48. Kf2 Kd8 49. Nd6 Ke7 50. Nb7 Nb6 51. Nc5 a5 52. Ke2 Nc4 53. Na4 Kd6 54. Kd3 Na3 55. Nb2 Kc5 56. Ke2 Nc4 57. Nd3+ Kb5 58. Ne1 Nb2 59. Ng2 Ka4 60. Nh4 g5 61. Ng6 Ka3 62. Nxe5 Kxa2 63. c4 Na4 64. Nc6 Kb3 65. Nxa5+ Kb4 66. Nc6+ Kxc4 67. Ne5+ Kd4 68. Nf7 Nc5 69. Kf2 Nd3+ 70. Kg3 Ne5 71. Nd8 Ke3 72. Nxe6 Nxf3 73. Ng7 Kxe4 74. Nf5 Ne5 75. Nxh6 Nxg4 1/2-1/2

[Event "Guildford op"]
[Site "Guildford"]
[Date "2025.04.25"]
[Round "1"]
[White "Sefton, Adam"]
[Black "Large, Peter G"]
[Result "1/2-1/2"]
[WhiteElo "2017"]
[BlackElo "2342"]
[PlyCount "117"]
[EventDate "2025.04.25"]
[EventType "swiss"]
[EventRounds "5"]
[EventCountry "ENG"]
[SourceTitle "CB18_2025"]
[SourceDate "2025.04.30"]
[SourceVersion "1"]
[SourceVersionDate "2025.04.30"]
[SourceQuality "1"]

1. e4 c5 2. Nf3 d6 3. Bb5+ Nd7 4. a4 Ngf6 5. Nc3 e6 6. 0-0 Be7 7. Re1 0-0 8. a5 a6 9. Bf1 Qc7 10. h3 Rd8 11. d4 cxd4 12. Qxd4 Ne5 13. Nxe5 dxe5 14. Qc4 Qxc4 15. Bxc4 Bd7 16. Na4 Bb4 17. c3 Bxa5 18. Nc5 Bb6 19. Nxb7 Rdb8 20. Na5 Bb5 21. Bxb5 axb5 22. b4 Rc8 23. Bd2 Kf8 24. Kf1 Ne8 25. Be3 Bxe3 26. Rxe3 Nd6 27. Rd1 Ke7 28. f3 Nc4 29. Nxc4 Rxc4 30. Red3 Rc7 31. Ke2 Ra3 32. Rc1 h5 33. Rc2 h4 34. Kd2 Rc4 35. Kc1 Rb3 36. Kd2 g6 37. Ra2 f5 38. exf5 gxf5 39. Ra7+ Kf6 40. Rdd7 Kg5 41. Rh7 Rb2+ 42. Kc1 Rf2 43. Rag7+ Kf4 44. Rxh4+ Ke3 45. Rxc4 bxc4 46. b5 Kd3 47. b6 Kxc3 48. Kd1 Kd3 49. Rd7+ Ke3 50. b7 Rb2 51. Kc1 Rb6 52. h4 Kf4 53. h5 Kg5 54. h6 Kxh6 55. Rd6 Rxb7 56. Rxe6+ Kg5 57. Rxe5 Kf4 58. Rc5 Rg7 59. g4 1/2-1/2

[Event "WchT Seniors 65"]
[Site "Prague"]
[Date "2025.02.23"]
[Round "6.3"]
[White "Large, Peter G"]
[Black "Lederman, Leon S"]
[Result "1-0"]
[WhiteElo "2314"]
[BlackElo "2198"]
[PlyCount "49"]
[EventDate "2025.02.17"]
[EventType "team-swiss"]
[EventRounds "9"]
[EventCountry "CZE"]
[SourceTitle "CB09_2025"]
[SourceDate "2025.02.27"]
[SourceVersion "1"]
[SourceVersionDate "2025.02.27"]
[SourceQuality "1"]
[WhiteTeam "England 65"]
[BlackTeam "Israel 65"]
[WhiteTeamCountry "ENG"]
[BlackTeamCountry "ISR"]

1. e4 c5 2. Nc3 Nc6 3. Bb5 Nd4 4. Nf3 g6 5. Bc4 Bg7 6. Nxd4 cxd4 7. Qf3 e6 8. Nb5 d6 9. Qa3 Ke7 10. c3 e5 11. cxd4 exd4 12. Qf3 Be6 13. Bxe6 fxe6 14. e5 d5 15. Qa3+ Kf7 16. Nd6+ Kf8 17. Qf3+ Bf6 18. d3 Ke7 19. 0-0 Bxe5 20. Nf7 Qc7 21. Bg5+ Nf6 22. Rac1 Qb8 23. Nxe5 Qxe5 24. Bxf6+ Qxf6 25. Rc7+ 1-0

[Event "Darlington Northumbria IM"]
[Site "Darlington"]
[Date "2024.08.25"]
[Round "8"]
[White "Burnett, Andrew"]
[Black "Large, Peter G"]
[Result "0-1"]
[WhiteElo "2193"]
[BlackElo "2336"]
[PlyCount "72"]
[EventDate "2024.08.22"]
[EventType "tourn"]
[EventRounds "9"]
[EventCountry "ENG"]
[SourceTitle "CBM 221 Extra"]
[Source "ChessBase"]
[SourceDate "2024.09.30"]
[SourceVersion "1"]
[SourceVersionDate "2024.09.30"]
[SourceQuality "1"]

1. d4 e6 2. Nf3 Nf6 3. c4 b6 4. a3 Bb7 5. Nc3 Ne4 6. Nxe4 Bxe4 7. Bf4 d6 8. e3 Be7 9. Bd3 Bxd3 10. Qxd3 Nd7 11. Rd1 a5 12. h4 a4 13. g4 Ra5 14. e4 e5 15. Bd2 Ra8 16. g5 0-0 17. h5 Qe8 18. h6 g6 19. Bc3 f6 20. gxf6 Bxf6 21. dxe5 Nxe5 22. Qd5+ Kh8 23. Bxe5 dxe5 24. Qd7 Be7 25. Qxe8 Raxe8 26. Ke2 Rf4 27. Rd7 Rxe4+ 28. Kd3 Rf4 29. Nxe5 Bf6 30. Re1 Kg8 31. Rd4 Rxf2 32. Rde4 Bxe5 33. Rxe5 Rxe5 34. Rxe5 Kf7 35. Kc3 Rh2 36. c5 Rxh6 0-1

[Event "Darlington Northumbria IM"]
[Site "Darlington"]
[Date "2024.08.25"]
[Round "7"]
[White "Large, Peter G"]
[Black "Abhyuday, Santhosh"]
[Result "1-0"]
[WhiteElo "2336"]
[BlackElo "2203"]
[PlyCount "95"]
[EventDate "2024.08.22"]
[EventType "tourn"]
[EventRounds "9"]
[EventCountry "ENG"]
[SourceTitle "CBM 221 Extra"]
[Source "ChessBase"]
[SourceDate "2024.09.30"]
[SourceVersion "1"]
[SourceVersionDate "2024.09.30"]
[SourceQuality "1"]

1. e4 c5 2. Nc3 d6 3. d4 cxd4 4. Qxd4 Nc6 5. Qd2 g6 6. b3 Bh6 7. f4 Nf6 8. Bb2 0-0 9. 0-0-0 a5 10. a4 Nb4 11. Kb1 Qb6 12. Be2 Bd7 13. Bf3 Rac8 14. Nge2 Rc7 15. Qd4 Qxd4 16. Rxd4 Rfc8 17. e5 Ne8 18. Rxb4 axb4 19. Nd5 Bc6 20. Nxc7 Rxc7 21. Rd1 Bxf3 22. gxf3 b5 23. axb5 Rb7 24. Rd4 Rxb5 25. Rc4 Rb7 26. Rc8 Kf8 27. Bc1 Bg7 28. Bd2 dxe5 29. fxe5 Rd7 30. Kc1 Rxd2 31. Kxd2 Bxe5 32. f4 Bd6 33. Ke3 e5 34. fxe5 Bxe5 35. Nf4 Ke7 36. Nd5+ Ke6 37. Rxe8+ Kxd5 38. Re7 Bxh2 39. Rxf7 h5 40. Rf6 h4 41. Rxg6 Bg3 42. Rg5+ Kc6 43. Rh5 Be1 44. Kd4 Kb6 45. Kc4 Ka6 46. Re5 Bg3 47. Re6+ Ka5 48. c3 1-0

[Event "Darlington Northumbria IM"]
[Site "Darlington"]
[Date "2024.08.22"]
[Round "2"]
[White "Large, Peter G"]
[Black "Wall, Gavin"]
[Result "1/2-1/2"]
[WhiteElo "2336"]
[BlackElo "2258"]
[PlyCount "54"]
[EventDate "2024.08.22"]
[EventType "tourn"]
[EventRounds "9"]
[EventCountry "ENG"]
[SourceTitle "CBM 221 Extra"]
[Source "ChessBase"]
[SourceDate "2024.09.30"]
[SourceVersion "1"]
[SourceVersionDate "2024.09.30"]
[SourceQuality "1"]

1. e4 e5 2. Nf3 d6 3. Bc4 Be7 4. d3 Nf6 5. Nbd2 0-0 6. 0-0 Nc6 7. a4 Be6 8. c3 a5 9. Re1 Qd7 10. Bb5 Qc8 11. Nf1 Bd8 12. Ng3 Ne7 13. Ng5 c6 14. Nxe6 fxe6 15. Bc4 d5 16. Bb3 Bb6 17. Be3 Bxe3 18. Rxe3 Ng6 19. d4 Qc7 20. h3 Rae8 21. Qc2 Kh8 22. Rae1 exd4 23. cxd4 Qb6 24. e5 Nd7 25. Qd1 c5 26. dxc5 Qxc5 27. Bc2 d4 1/2-1/2

[Event "Darlington Northumbria IM"]
[Site "Darlington"]
[Date "2024.08.22"]
[Round "1"]
[White "Shearsby, Jude"]
[Black "Large, Peter G"]
[Result "0-1"]
[WhiteElo "2164"]
[BlackElo "2336"]
[PlyCount "72"]
[EventDate "2024.08.22"]
[EventType "tourn"]
[EventRounds "9"]
[EventCountry "ENG"]
[SourceTitle "CBM 221 Extra"]
[Source "ChessBase"]
[SourceDate "2024.09.30"]
[SourceVersion "1"]
[SourceVersionDate "2024.09.30"]
[SourceQuality "1"]

1. e4 e5 2. Nf3 Nc6 3. Bc4 Nf6 4. Ng5 d5 5. exd5 b5 6. Bf1 Nxd5 7. Bxb5 Bb7 8. Qf3 Qd7 9. Nc3 Ndb4 10. Ba4 f6 11. Nge4 0-0-0 12. a3 Nd5 13. Ng3 Nf4 14. 0-0 Kb8 15. b4 Qe6 16. Bb3 Qe8 17. Qe3 Nd4 18. f3 h5 19. Nge4 Nxb3 20. cxb3 Rd3 21. Qf2 Rh6 22. Kh1 Rg6 23. Rg1 f5 24. Nc5 Bxc5 25. Qxc5 Rxf3 26. Nb5 Qd7 27. Qf8+ Bc8 28. Qc5 Bb7 29. Qf8+ Qc8 30. Qc5 Qd8 31. Qxc7+ Ka8 32. d3 Nxd3 33. Be3 Rh3 34. Rgc1 Rxh2+ 35. Kg1 Rgxg2+ 36. Kf1 Rh1+ 0-1

[Event "London Mindsports op 4th"]
[Site "London"]
[Date "2024.07.21"]
[Round "6"]
[White "Fitzsimons, David"]
[Black "Large, Peter G"]
[Result "0-1"]
[WhiteElo "2320"]
[BlackElo "2311"]
[PlyCount "100"]
[EventDate "2024.07.18"]
[EventType "swiss"]
[EventRounds "9"]
[EventCountry "ENG"]
[SourceTitle "CBM 221 Extra"]
[Source "ChessBase"]
[SourceDate "2024.09.30"]
[SourceVersion "1"]
[SourceVersionDate "2024.09.30"]
[SourceQuality "1"]

1. e4 e5 2. Nf3 Nc6 3. Bc4 Nf6 4. d3 Be7 5. 0-0 0-0 6. Re1 d6 7. a4 Na5 8. Ba2 c5 9. c3 Nc6 10. Na3 h6 11. Bd2 Re8 12. h3 Bf8 13. Nc4 Be6 14. b4 cxb4 15. cxb4 d5 16. exd5 Nxd5 17. b5 Ncb4 18. Nfxe5 Nxa2 19. Rxa2 Nb4 20. Ra3 Qc7 21. Qb1 Nd5 22. Ra2 f6 23. Nf3 Rad8 24. Rc2 Qf7 25. Rcc1 Bf5 26. Qb3 Rxe1+ 27. Nxe1 Be6 28. Nf3 Nb6 29. Be3 Qg6 30. Ne1 Nxc4 31. dxc4 b6 32. a5 bxa5 33. Bxa7 Bb4 34. b6 Bc5 35. Qb5 Qf5 36. Nf3 Rd3 37. Re1 Kh7 38. Bb8 a4 39. b7 Rb3 40. Qa6 Rxf3 41. Qxe6 Bxf2+ 42. Kh2 Qxe6 43. Rxe6 Rb3 44. Re2 Bc5 45. Ra2 a3 46. Bf4 Rxb7 47. Bc1 Rb3 48. g3 Bd6 49. Bf4 Bxf4 50. gxf4 Rb2+ 0-1

[Event "ENG-ch Seniors 65"]
[Site "Kenilworth"]
[Date "2024.05.28"]
[Round "7"]
[White "Large, Peter G"]
[Black "Chapman, Terry PD"]
[Result "1/2-1/2"]
[WhiteElo "2313"]
[BlackElo "2290"]
[PlyCount "90"]
[EventDate "2024.05.24"]
[EventType "swiss"]
[EventRounds "7"]
[EventCountry "ENG"]
[SourceTitle "CBM 220 Extra"]
[Source "ChessBase"]
[SourceDate "2024.07.31"]
[SourceVersion "1"]
[SourceVersionDate "2024.07.31"]
[SourceQuality "1"]

1. e4 c6 2. d4 d5 3. exd5 cxd5 4. c4 Nf6 5. Nc3 Nc6 6. Bg5 Ne4 7. cxd5 Nxc3 8. bxc3 Qxd5 9. Nf3 Bg4 10. Qb3 Bxf3 11. gxf3 Qxb3 12. axb3 e6 13. Rg1 h6 14. Be3 a6 15. b4 0-0-0 16. b5 axb5 17. Bxb5 g5 18. Ke2 Bd6 19. Rgb1 Bxh2 20. Bxc6 bxc6 21. Ra8+ Kd7 22. Ra7+ Bc7 23. Rbb7 Rc8 24. f4 f6 25. d5 Kd6 26. dxe6 Bb8 27. Ra5 gxf4 28. Bxf4+ Kxe6 29. Be3 Bd6 30. Rh5 Rb8 31. Rg7 Be5 32. f4 Bxc3 33. Kd3 Bb2 34. Kc4 Rb5 35. Bc5 Re8 36. f5+ Ke5 37. Rg2 Kf4 38. Rf2+ Kg4 39. Rhh2 Re4+ 40. Kd3 Rf4 41. Rfg2+ Kf3 42. Rf2+ Kg4 43. Rfg2+ Kf3 44. Rf2+ Kg4 45. Rfg2+ Kf3 1/2-1/2

[Event "ENG-ch Seniors 65"]
[Site "Kenilworth"]
[Date "2024.05.25"]
[Round "3"]
[White "Large, Peter G"]
[Black "Snape, Ian L"]
[Result "1-0"]
[WhiteElo "2313"]
[BlackElo "2086"]
[PlyCount "67"]
[EventDate "2024.05.24"]
[EventType "swiss"]
[EventRounds "7"]
[EventCountry "ENG"]
[SourceTitle "CBM 220 Extra"]
[Source "ChessBase"]
[SourceDate "2024.07.31"]
[SourceVersion "1"]
[SourceVersionDate "2024.07.31"]
[SourceQuality "1"]

1. e4 c5 2. Nc3 d6 3. d4 cxd4 4. Qxd4 Nc6 5. Qd2 g6 6. b3 Bh6 7. f4 Nf6 8. Bb2 0-0 9. 0-0-0 Bg4 10. Be2 Bxe2 11. Ngxe2 b5 12. Kb1 Rc8 13. Nd5 Nxe4 14. Qe3 f5 15. Ng3 Bg7 16. Nxe4 fxe4 17. Qxe4 Qd7 18. Rhe1 Bxb2 19. Kxb2 Rf7 20. Rd3 Qf5 21. Rc3 Qd7 22. Rxc6 Rxc6 23. Nxe7+ Rxe7 24. Qxe7 Rc7 25. Qxd7 Rxd7 26. Re8+ Kg7 27. Rb8 a6 28. Rb6 Rf7 29. g3 g5 30. fxg5 Rf2 31. Rxa6 Rxh2 32. Rxd6 Rg2 33. b4 Rxg3 34. Rd5 1-0

[Event "ENG-ch Seniors 65"]
[Site "Kenilworth"]
[Date "2024.05.24"]
[Round "1"]
[White "Large, Peter G"]
[Black "Fleming, Andrew"]
[Result "1-0"]
[WhiteElo "2313"]
[BlackElo "1905"]
[PlyCount "47"]
[EventDate "2024.05.24"]
[EventType "swiss"]
[EventRounds "7"]
[EventCountry "ENG"]
[SourceTitle "CBM 220 Extra"]
[Source "ChessBase"]
[SourceDate "2024.07.31"]
[SourceVersion "1"]
[SourceVersionDate "2024.07.31"]
[SourceQuality "1"]

1. e4 e6 2. d4 d5 3. Nc3 dxe4 4. Nxe4 Bd7 5. Nf3 Bc6 6. Bd3 Nd7 7. 0-0 Ngf6 8. Neg5 Bd6 9. Re1 Bxf3 10. Qxf3 c6 11. Qh3 Nf8 12. a4 Qc7 13. a5 0-0-0 14. a6 b6 15. Bd2 h6 16. Ne4 Nxe4 17. Bxe4 f5 18. Bd3 Be7 19. c3 g5 20. Bc4 Rd6 21. Re2 Kb8 22. Rae1 Bf6 23. Bxe6 Nxe6 24. Rxe6 1-0

[Event "EU-chT Seniors 65"]
[Site "Terme Catez"]
[Date "2024.05.15"]
[Round "9.3"]
[White "Large, Peter G"]
[Black "Brigljevic, Milan"]
[Result "1-0"]
[WhiteElo "2313"]
[BlackElo "2142"]
[PlyCount "83"]
[EventDate "2024.05.07"]
[EventType "team-swiss"]
[EventRounds "9"]
[EventCountry "SLO"]
[SourceTitle "CBM 220 Extra"]
[Source "ChessBase"]
[SourceDate "2024.07.31"]
[SourceVersion "1"]
[SourceVersionDate "2024.07.31"]
[SourceQuality "1"]
[WhiteTeam "England 65"]
[BlackTeam "Croatia Sesvete 65"]
[WhiteTeamCountry "ENG"]
[BlackTeamCountry "CRO"]

1. e4 e5 2. Nf3 Nc6 3. Bb5 g6 4. d4 exd4 5. Bg5 Be7 6. Bxe7 Qxe7 7. 0-0 Qc5 8. Bxc6 dxc6 9. Qxd4 Qxd4 10. Nxd4 Bd7 11. Nc3 0-0-0 12. Rad1 Ne7 13. Rd2 c5 14. Nde2 Bc6 15. Rfd1 Rxd2 16. Rxd2 Rd8 17. Rxd8+ Kxd8 18. f3 Kd7 19. Kf2 Kd6 20. Ke3 b5 21. a3 b4 22. Na2 a5 23. Nac1 Bb5 24. c3 Bc4 25. Nd3 Nc6 26. f4 f6 27. h4 b3 28. Ng3 Ne7 29. Nf1 a4 30. Nd2 Bxd3 31. Kxd3 Kc6 32. c4 Kd6 33. e5+ fxe5 34. Ne4+ Kc6 35. fxe5 Nf5 36. g3 Nd4 37. Ke3 Ne6 38. Nc3 Kd7 39. Nxa4 Ke7 40. Nc3 c6 41. Ne4 h5 42. Kd3 1-0

[Event "EU-chT Seniors 65"]
[Site "Terme Catez"]
[Date "2024.05.13"]
[Round "7.3"]
[White "Large, Peter G"]
[Black "Westerinen, Heikki MJ"]
[Result "1-0"]
[WhiteElo "2313"]
[BlackElo "2222"]
[PlyCount "47"]
[EventDate "2024.05.07"]
[EventType "team-swiss"]
[EventRounds "9"]
[EventCountry "SLO"]
[SourceTitle "CBM 220 Extra"]
[Source "ChessBase"]
[SourceDate "2024.07.31"]
[SourceVersion "1"]
[SourceVersionDate "2024.07.31"]
[SourceQuality "1"]
[WhiteTeam "England 65"]
[BlackTeam "Finland 65"]
[WhiteTeamCountry "ENG"]
[BlackTeamCountry "FIN"]

1. e4 e6 2. d4 d5 3. Nc3 dxe4 4. Nxe4 Bd7 5. Nf3 Bc6 6. Bd3 Nd7 7. 0-0 Ngf6 8. Neg5 Bxf3 9. Qxf3 c6 10. Re1 Be7 11. Qh3 Nf8 12. c3 Nd5 13. Qh5 Bxg5 14. Bxg5 Qd7 15. Rad1 Nf6 16. Qh4 Qe7 17. d5 cxd5 18. Bb5+ N8d7 19. c4 a6 20. Bxd7+ Kxd7 21. cxd5 e5 22. Qh3+ Kd8 23. d6 Qe6 24. Qc3 1-0

[Event "EU-chT Seniors 65"]
[Site "Terme Catez"]
[Date "2024.05.12"]
[Round "6.3"]
[White "Large, Peter G"]
[Black "Boudre, Jean Pierre"]
[Result "1/2-1/2"]
[WhiteElo "2313"]
[BlackElo "2214"]
[PlyCount "53"]
[EventDate "2024.05.07"]
[EventType "team-swiss"]
[EventRounds "9"]
[EventCountry "SLO"]
[SourceTitle "CBM 220 Extra"]
[Source "ChessBase"]
[SourceDate "2024.07.31"]
[SourceVersion "1"]
[SourceVersionDate "2024.07.31"]
[SourceQuality "1"]
[WhiteTeam "England 65"]
[BlackTeam "France 65"]
[WhiteTeamCountry "ENG"]
[BlackTeamCountry "FRA"]

1. e4 e5 2. Nf3 Nc6 3. Bb5 a6 4. Bxc6 dxc6 5. 0-0 Qf6 6. d4 exd4 7. Bg5 Qd6 8. Nxd4 Be7 9. Be3 Nh6 10. h3 Qg6 11. Qf3 f5 12. Nc3 0-0 13. Bxh6 gxh6 14. Nxf5 Bxf5 15. exf5 Rxf5 16. Qg4 Qxg4 17. hxg4 Rf4 18. Rae1 Bf6 19. Re4 Rxe4 20. Nxe4 Bxb2 21. Rb1 Re8 22. Rxb2 Rxe4 23. Rxb7 Rxg4 24. Rxc7 Rc4 25. Ra7 Ra4 26. Rc7 Rc4 27. Ra7 1/2-1/2

[Event "EU-chT Seniors 65"]
[Site "Terme Catez"]
[Date "2024.05.10"]
[Round "4.3"]
[White "Large, Peter G"]
[Black "Lanc, Alois"]
[Result "1-0"]
[WhiteElo "2313"]
[BlackElo "2255"]
[PlyCount "95"]
[EventDate "2024.05.07"]
[EventType "team-swiss"]
[EventRounds "9"]
[EventCountry "SLO"]
[SourceTitle "CBM 220 Extra"]
[Source "ChessBase"]
[SourceDate "2024.07.31"]
[SourceVersion "1"]
[SourceVersionDate "2024.07.31"]
[SourceQuality "1"]
[WhiteTeam "England 65"]
[BlackTeam "Slovakia 65"]
[WhiteTeamCountry "ENG"]
[BlackTeamCountry "SVK"]

1. e4 c5 2. Nc3 Nc6 3. Bb5 g6 4. Bxc6 dxc6 5. d3 Bg7 6. f4 Nf6 7. Nf3 0-0 8. 0-0 Ne8 9. f5 gxf5 10. Qe1 e5 11. exf5 Bxf5 12. Nxe5 Qd4+ 13. Kh1 Qxe5 14. Qxe5 Bxe5 15. Rxf5 f6 16. Bh6 Rf7 17. Re1 Rd8 18. g4 Nd6 19. Rf3 Re8 20. Bf4 Kg7 21. Bxe5 fxe5 22. Rxf7+ Kxf7 23. Ne4 Nxe4 24. Rxe4 Ke6 25. Kg2 b5 26. Kf2 Rf8+ 27. Ke2 Rg8 28. h3 h5 29. gxh5 Rg2+ 30. Kf3 Rh2 31. h4 c4 32. h6 Rh3+ 33. Ke2 cxd3+ 34. cxd3 Rh2+ 35. Ke3 Rh3+ 36. Kd2 Rf3 37. h7 Rf8 38. Rg4 Rh8 39. Rg7 a5 40. Ke3 Kf6 41. Rc7 Kf5 42. Kf3 a4 43. a3 c5 44. Rxc5 Rxh7 45. d4 Rxh4 46. Rxe5+ Kf6 47. Rxb5 Rxd4 48. Rb4 1-0

[Event "EU-chT Seniors 65"]
[Site "Terme Catez"]
[Date "2024.05.07"]
[Round "1.2"]
[White "Large, Peter G"]
[Black "Malachowski, Margrit"]
[Result "1-0"]
[WhiteElo "2313"]
[BlackElo "2025"]
[PlyCount "75"]
[EventDate "2024.05.07"]
[EventType "team-swiss"]
[EventRounds "9"]
[EventCountry "SLO"]
[SourceTitle "CBM 220 Extra"]
[Source "ChessBase"]
[SourceDate "2024.07.31"]
[SourceVersion "1"]
[SourceVersionDate "2024.07.31"]
[SourceQuality "1"]
[WhiteTeam "England 65"]
[BlackTeam "Germany (Women) 65"]
[WhiteTeamCountry "ENG"]
[BlackTeamCountry "GER"]

1. e4 c6 2. d4 d5 3. exd5 cxd5 4. c4 Nc6 5. Nc3 e6 6. Nf3 Nf6 7. Bg5 Be7 8. c5 0-0 9. Bb5 Ne4 10. Bxe7 Nxe7 11. Rc1 Qa5 12. Qa4 Qxa4 13. Bxa4 Nxc3 14. Rxc3 Rd8 15. Kd2 f6 16. b4 a6 17. h4 h5 18. Re1 Kf7 19. Rce3 Ng6 20. g3 Ne7 21. a3 Nf5 22. R3e2 Ne7 23. Kc3 Ng6 24. Re3 Nf8 25. Bd1 Bd7 26. Ng1 g6 27. Bb3 a5 28. Ne2 axb4+ 29. axb4 Ra6 30. Kb2 g5 31. hxg5 fxg5 32. Re5 Kf6 33. f4 gxf4 34. Nxf4 Be8 35. Bxd5 exd5 36. Rxe8 Rxe8 37. Rxe8 Kf7 38. Rb8 1-0